000 00477nam a2200181Ia 4500
001 23675
005 20260414150953.0
008 260414t2010||||xx |||||||||||||| ||spa||
041 _aESP
082 _a690.028
_bE53
100 _aEmpresa Editora Macro
_eAUT
245 0 _aNorma técnica, metrados para obras de edificación y habilitaciones urbanas
_b
260 _c2010
300 _a221 páginas :
_c25 cm.
650 _a0
654 _aCIC
942 _cLIB
_dJUS
_fJUS
_2ddc
_n
999 _c23675
_d23675